00293nam a2200109Ia 4500008004100000082001000041100001900051245002700070260003200097630002700129730002700156100328s9999 xx 000 0 und d b15449 aHarrison K. C. aPublic Libraries Today bCrosby Lockwood & Sons Ltd. aPublic Libraries Today aPublic Libraries Today